Take these Men (Record no. 315603)
[ view plain ]
| 000 -LEADER | |
|---|---|
| fixed length control field | 00337 a2200157 4500 |
| 001 - CONTROL NUMBER | |
| control field | 80530 |
| 082 ## - DEWEY DECIMAL CLASSIFICATION NUMBER | |
| Classification number | 940.5423 JOL |
| 090 ## - LOCALLY ASSIGNED LC-TYPE CALL NUMBER (OCLC); LOCAL CALL NUMBER (RLIN) | |
| -- | 39657 |
| -- | 39657 |
| 100 ## - MAIN ENTRY--PERSONAL NAME | |
| Personal name | Cyril Joly |
| 245 ## - TITLE STATEMENT | |
| Title | Take these Men |
| 250 ## - EDITION STATEMENT | |
| Edition statement | 1 |
| 260 ## - PUBLICATION, DISTRIBUTION, ETC. | |
| Place of publication, distribution, etc. | London |
| Name of publisher, distributor, etc. | Constable |
| Date of publication, distribution, etc. | 1855 |
| 300 ## - PHYSICAL DESCRIPTION | |
| Extent | x 357 |
| 500 ## - GENERAL NOTE | |
| General note | General Books |
| 505 ## - FORMATTED CONTENTS NOTE | |
| Formatted contents note | Gifted Books |
| 942 ## - ADDED ENTRY ELEMENTS (KOHA) | |
| Institution code [OBSOLETE] | CAENUST |
| Call number prefix | 940.5423 JOL |
| Withdrawn status | Lost status | Damaged status | Not for loan | Collection code | Permanent Location | Current Location | Date acquired | Total Checkouts | Full call number | Barcode | Date last seen | Price effective from | Koha item type |
|---|---|---|---|---|---|---|---|---|---|---|---|---|---|
| College of Aeronautical Engineering (CAE) | College of Aeronautical Engineering (CAE) | 04/03/2017 | 940.5423 JOL | CAEG-2134 | 04/05/2017 | 04/05/2017 | Book |
